| 000 | 00763nam a22002057a 4500 | ||
|---|---|---|---|
| 003 | AR-FvUNAJ | ||
| 005 | 20230912100315.0 | ||
| 008 | 230911s2013 a|||| |||| 00| 0 spa d | ||
| 040 |
_cAR-FvUNAJ _eaacr2 |
||
| 082 | 1 | 4 | _214 |
| 110 | 2 |
_aHospital de Alta Complejidad Néstor Carlos Kirchner _917861 |
|
| 245 | 1 | 0 |
_aPlan estratégico 2013-2017 : _bLa gestión es de todos / _cHospital Néstor Carlos Kirchner. |
| 260 |
_a[Buenos Aires], _bs.d. : _c2013. |
||
| 300 |
_a47 p. _bil. |
||
| 610 | 1 | 0 |
_aHospital de Alta Complejidad Néstor Carlos Kirchner _917861 _zFlorencio Varela |
| 650 | 2 | 7 |
_2unescot _915384 _aADMINISTRACIÓN EN SALUD PUBLICA |
| 650 | 2 | 7 |
_2unescot _95343 _aGESTIÓN EN SALUD |
| 942 |
_2ddc _cLIBRO |
||
| 980 |
_621566 _a Miranda Raldes _82 _gVirginia Figueroa |
||
| 999 |
_c9101 _d9101 |
||